Postacie z Bungou Stray Dogs - Statystyki

Ogólne statystyki
  • Ten quiz został rozwiązany 17 razy
    2 od ostatniego zresetowania
  • Średni wynik to 51 z 63
Statystyki odpowiedzi
Zbrojna Agencja Detektywistyczna % Poprawnych
Akiko Yosano
100%
Aleksander Puszkin
100%
Ango Sakaguchi
100%
Atsushi Nakajima
100%
Bram Stoker
100%
Chuuya Nakahara
100%
Dame Agatha Christie
100%
Doppo Kunikida
100%
Edgar Allan Poe
100%
Elise Mori
100%
Fiodor Dostojewski
100%
Fiodor Dostojewski
100%
Francis Scott Key Fitzgerald
100%
Gin Akutagawa
100%
Howard Phillips Lovecraft
100%
Jun'ichirou Tanizaki
100%
Karma
100%
Kenji Miyazawa
100%
Kouyou Ozaki
100%
Kyouka Izumi
100%
Kyuusaku Yumeno
100%
Louisa May Alcott
100%
Lucy Maud Montgomery
100%
Mark Twain
100%
Michizou Tachihara
100%
Michizou Tachihara
100%
Motojirou Kajii
100%
Naomi Tanizaki
100%
Nikołaj Gogol
100%
Oda Sakunosuke
100%
Osamu Dazai
100%
Ouchi Fukuchi
100%
Ouchi Fukuchi
100%
Ougai Mori
100%
Paul Verlaine
100%
Ranpo Edogawa
100%
Ryuunosuke Akutagawa
100%
Sigma
100%
Tecchou Suehiro
100%
Yukichi Fukuzawa
100%
Ace
50%
Andre Gide
50%
Arthur Rimbaud
50%
Herman Melville
50%
Ichiyou Higuchi
50%
Iwan Gonczarow
50%
James L.
50%
John Steinbeck
50%
Katai Tayama
50%
Kirako Haruno
50%
Margaret Mitchell
50%
Mizuki Tsujimura
50%
Mushitarou Oguri
50%
Nathaniel Hawthorne
50%
Nathaniel Hawthorne
50%
Ryuurou Hirotsu
50%
Saigiku Jouno
50%
Santouka Taneda
50%
Takuichi Aoki
50%
Tatsuhiko Shibusawa
50%
Teruko Oukura
50%
Yachiyo Murakoso
50%
Natsume Souseki
0%
Nie znaleziono quizów pasujących do podanych kryteriów
Rozkład punktacji
Procent ludzi z każdym wynikiem
Percentyl według liczby udzielonych odpowiedzi
Twoja historia wyników
Nie rozwiązałeś tego quizu od ostatniego zresetowania